| 000 | 01120nam a22002297a 4500 | ||
|---|---|---|---|
| 999 |
_c58779 _d58779 |
||
| 003 | Ge_BSU | ||
| 005 | 20220722124602.0 | ||
| 008 | 220722s2021ge xxu||||| |||| 00| 0 geo d | ||
| 020 | _a9789941495359 | ||
| 041 | _ageo | ||
| 080 | _a37.015.3 ფ-24 | ||
| 100 |
_aფანჩულიძე, სოფიო. _914472 |
||
| 245 |
_aდიმიტრი უზნაძის პედაგოგიკური შეხედულებები / _cსოფიო ფანჩულიძე, რედ. იმერი ბასილაძე |
||
| 264 |
_aქუთაისი: _bაწსუ, _c 2021. |
||
| 300 |
_a279 გვ.: _c23 სმ. |
||
| 653 | _aდიმიტრი უზნაძის პედაგოგიკური შეხედულებები | ||
| 653 | _aპედაგოგიკა | ||
| 653 | _aგანათლება | ||
| 700 |
_aბასილაძე, იმერი _eრედაქტორი _94917 |
||
| 710 |
_aაკაკი წერეთლის სახელმწიფო უნივერსიტეტი _914473 |
||
| 942 |
_2udc _cBK |
||